| 000 | 00475nam a2200169 a 4500 | ||
|---|---|---|---|
| 005 | 20140310183258.0 | ||
| 008 | 970101s19uu xx 00 eng d | ||
| 020 | _a1853261645 | ||
| 050 |
_aPZ 8 _b.As799 1995 |
||
| 100 | _aAsbjornsen, Peter | ||
| 245 |
_aEast of the sun and west of the moon / _cPeter Asbjornsen. |
||
| 260 |
_aHertfordshire : _bWordsworth Edition, Ltd, _c1995. |
||
| 300 |
_a254 p. : _c18cm. |
||
| 650 | _aClassics | ||
| 942 |
_cBK _2lcc |
||
| 999 |
_c20904 _d20904 |
||